Most Powerful Countries of the World - Statistics

General Stats
  • This quiz has been taken 379 times
  • The average score is 18 of 25
Answer Stats
Ranking Answer % Correct
3 China
98%
2 Russia
97%
1 United States
97%
5 United Kingdom
94%
6 France
92%
14 India
92%
4 Germany
88%
7 Japan
88%
24 Brazil
84%
12 Canada
82%
9 South Korea
82%
19 Spain
81%
17 Italy
80%
15 Australia
75%
16 Turkey
69%
25 Egypt
66%
10 Saudi Arabia
66%
8 Israel
60%
20 Sweden
57%
23 Norway
49%
21 Netherlands
46%
13 Switzerland
43%
11 United Arab Emirates
42%
22 Singapore
31%
18 Qatar
24%
No matching quizzes found
Score Distribution
Percent of People with Each Score
Percentile by Number Answered
Your Score History
You have not taken this quiz